Радуга, Практикум для иностранных учащихся по развитию русской письменной речи

Podrobná bibliografie
Hlavní autor: Д. В. Колесова
Další autoři: Н. Н. Маслова
Shrnutí:Книга не входит в премиум-версию платформы «Русский как иностранный».
Пособие по развитию письменной речи адресовано иностранным учащимся гуманитарных специальностей. Цель пособия - систематизировать знания учащихся относительно важных грамматических особенностей русской речи и отработать навыки грамотного письма, а также развить навыки изложения различных типов текстов и создания собственного текста в заданной ситуации. Пособие предназначено для учащихся, успешно сдавших ТРКИ-1.
Гарантированный срок размещения на платформе до 01.07.2026 (автопролонгация)
Vydáno: Санкт-Петербург, Златоуст, 2022
Vydání:Радуга
Témata:
On-line přístup:Перейти к просмотру издания
Médium: MixedMaterials Elektronický zdroj

MARC

LEADER 00000 a2200000 4500
001 RU/ROS-EDU.RU/127976
856 4 |u https://www.ros-edu.ru/book?id=127976  |z Перейти к просмотру издания 
010 |a 978-5-907493-83-4 
205 |a Радуга  |b 2026-07-01 
333 |a Гарантированный срок размещения на платформе до 01.07.2026 (автопролонгация) 
100 |a 20220101d2022 |||y0rusy0250   |s 2026-07-01 
105 |a y z 000zy 
101 0 |a rus 
102 |a RU 
200 1 |a Радуга  |b Электронный ресурс  |e Практикум для иностранных учащихся по развитию русской письменной речи  |f Д. В. Колесова, Н. Н. Маслова 
700 1 |b Д. В.  |a Колесова  |4 070 
701 1 |b Н. Н.  |a Маслова  |4 070 
330 |a Пособие по развитию письменной речи адресовано иностранным учащимся гуманитарных специальностей. Цель пособия - систематизировать знания учащихся относительно важных грамматических особенностей русской речи и отработать навыки грамотного письма, а также развить навыки изложения различных типов текстов и создания собственного текста в заданной ситуации. Пособие предназначено для учащихся, успешно сдавших ТРКИ-1. 
210 |a Санкт-Петербург  |c Златоуст  |d 2022 
610 1 |a русский язык 
610 1 |a письменная речь 
610 1 |a грамматика 
675 |a 811.16 
686 |a 81.2  |2 rubbk 
300 |a Книга не входит в премиум-версию платформы «Русский как иностранный». 
215 |a 85 с.